Style et Genre Musical par Pays - Statistiques

Statistiques générales
  • Ce quiz a été pris 47 fois
  • Le résultat moyen est 5 sur 23
Statistiques - réponses
Pays Style / Genre Musical % Correct
Corée du Sud Kpop
55%
Etats-Unis Rock n’ Roll | Jazz | Blues | Hip-hop | Soul | R&B | Country
50%
Jamaique Reggae | Dancehall
45%
Cuba Salsa | Mambo | Rumba
43%
Argentine Tango
33%
Algerie Raï
30%
Brésil Samba | Bossa Nova
28%
Congo Sebene | Rumba congolaise | Ndombolo | Soukous
23%
Nigeria Afrobeat
20%
Afrique du Sud Amapiano
20%
Cote d’Ivoire Coupé- Décalé | Zouglou | Mapouka
20%
Haïti Konpa | Merengue Haitien
18%
République Dominicaine Bachata | Merengue
15%
France Chanson française | Zouk | Zouk Love | Yéyé
13%
Royaume-Uni Drill | Heavy Metal | Hard Rock
13%
Cap Vert Funana | Cabo love | Batuque | Morna | Coladeira
10%
Porto Rico Reggaeton
8%
Trinité-et-Tobago Calypso | Soca | Steelpan
5%
Angola Kizomba | Kuduro | Semba
5%
Sénégal Mbalax
5%
Panama Reggaeton
5%
Pays-Bas Gabber | Hardcore
3%
Cameroun Makossa | Gandjal | Bikutsi | Bend Skin | Mangambeu
3%
Aucun quiz correspondant
Distribution des résultats
% des personnes avec chaque résultat
Percentile par nombre de réponses
Votre historique - résultats
Vous n’avez pas pris ce quiz